[Event "EYCC Boys U18"]
[Site "Batumi GEO"]
[Date "2010.09.20"]
[Round "1"]
[White "Bogdanovich,S"]
[Black "Dilanian,G"]
[Result "1/2-1/2"]
[WhiteElo "2464"]
[BlackElo "2245"]

1.d4 d5 2.c4 c6 3.Nc3 Nf6 4.Nf3 e6 5.e3 Nbd7 6.Qc2 Bd6 7.b3 O-O 8.Be2 a6
9.O-O Re8 10.Rd1 Qe7 11.a4 Rb8 12.Bb2 dxc4 13.bxc4 c5 14.Ng5 cxd4 15.exd4 b6
16.a5 bxa5 17.Rxa5 Bb7 18.Raa1 h6 19.Nf3 e5 20.c5 Bc7 21.Ba3 Qe6 22.d5 Nxd5
23.Bc4 N7f6 24.Nxd5 Bxd5 25.Rxd5 Nxd5 26.Rd1 Red8 27.g3 Qc6 28.Nh4 Ne7 29.Re1 Qf6
30.Re3 Nc6 31.Rf3 Nd4 32.Rxf6 Nxc2 33.Bxf7+ Kh8 34.Rxa6 Ra8 35.Rxa8 Rxa8
36.Bb2 Nd4 37.Ng6+ Kh7 38.Kg2 h5 39.Bc1 Nf5 40.h3 Nh6 41.Bd5 Rd8 42.Ne7 g6
43.Be4 Kg7 44.Be3 Ng8 45.Nxg6 Nf6 46.Bf5 Nd5 47.Bc1 Kf6 48.Nh4 Ne7 49.Bc2 Rd4
50.Nf3 Rc4 51.Bg5+ Kg7 52.Bd3 Rc3 53.Be4 Ng8 54.Be3 Nf6 55.Bc6 Bb8 56.Ng5 Ba7
57.Ne6+ Kg6 58.Bb7 Kf7 59.c6 Bxe3 60.c7 Bb6 61.c8=R Rxc8 62.Bxc8 Ne4 63.f4 Nd6
64.Ng5+ Kg6 65.Bd7 exf4 66.gxf4 Be3 67.Kf3 Bd2 68.Ba4 Kf6 69.Bc2 Bc1 70.Bd3 Bd2
71.Bb1 Bc1 72.Ba2 Bd2 73.Ne6 Bc1 74.Nc5 Bb2 75.Bb1 Bd4 76.Nb3 Bc3 77.Bd3 Nf5
78.Bxf5 Kxf5 79.Nc1 h4 80.Ne2 Bf6 81.Nc1 Bc3 82.Nb3 Bb2 83.Ke3 Bf6 84.Na5 Bb2
85.Nb3 Bf6 86.Nc1 Bb2 87.Nd3 Ba3 88.Ne1 Bc1+  1/2-1/2

[Event "EYCC Boys U14"]
[Site "Batumi GEO"]
[Date "2010.09.21"]
[Round "2"]
[White "Ebralidze,A"]
[Black "Babazade,Jav"]
[Result "0-1"]
[WhiteElo "1919"]
[BlackElo "2091"]

1.d4 d5 2.Nf3 Nf6 3.c4 c6 4.Nc3 e6 5.e3 Nbd7 6.Bd3 Bd6 7.O-O O-O 8.Re1 dxc4
9.Bxc4 b5 10.Bd3 e5 11.Ne4 Nxe4 12.Bxe4 Bb7 13.Qc2 g6 14.Bd2 Rc8 15.dxe5 Nxe5
16.Nxe5 Bxe5 17.f4 Bg7 18.Bb4 Re8 19.Rad1 Qf6 20.b3 Qe6 21.Bf3 Rcd8 22.Bc5 a6
23.Rd2 Bf8 24.Rxd8 Rxd8 25.Bb6 Rd7 26.Rc1 Bb4 27.Qe4 Qxe4 28.Bxe4 c5 29.Bxb7 Rxb7
30.Bd8 Bd2 31.Rc2 Bxe3+ 32.Kf1 Bd4 33.Ke2 f6 34.Kf3 Kf7 35.Ba5 Re7 36.Bd2 b4
37.Rc4 f5 38.h3 Re4 39.Rc1 Ke6 40.g4 Kd5 41.gxf5 gxf5 42.Rc2 a5 43.Rc1 Kc6
44.Rc4 Re8 45.Rc1 Kb5 46.Rc2 a4 47.Rc1 axb3 48.axb3 Ra8 49.Ke2 Ra2  0-1

[Event "EYCC Boys U18"]
[Site "Batumi GEO"]
[Date "2010.09.22"]
[Round "3"]
[White "Bregadze,L"]
[Black "Radusinovic,L"]
[Result "1-0"]
[WhiteElo "2415"]
[BlackElo "2257"]

1.d4 d5 2.c4 c6 3.Nf3 Nf6 4.e3 e6 5.Nc3 Bd6 6.Bd3 O-O 7.e4 dxe4 8.Nxe4 Nxe4
9.Bxe4 Nd7 10.O-O f5 11.Bd3 c5 12.Qe2 Nf6 13.dxc5 Bc7 14.Rd1 Qe7 15.Bxf5 Qxc5
16.Bxe6+ Kh8 17.Be3 Qh5 18.Bxc8 Bxh2+ 19.Kf1 Raxc8 20.Rd4 Bc7 21.Rh4 Qf5
22.Nd4 Qd7 23.Rd1 Qf7 24.Nb5 Bb8 25.Nd6 Bxd6 26.Rxd6 Qe7 27.Rdd4 b6 28.Qd3 Qb4
29.g4  1-0

[Event "EYCC Girls U18"]
[Site "Batumi GEO"]
[Date "2010.09.23"]
[Round "5"]
[White "Sargsyan,S"]
[Black "Motycakova,M"]
[Result "1/2-1/2"]
[WhiteElo "1986"]
[BlackElo "2072"]

1.d4 d5 2.Nf3 Nf6 3.c4 c6 4.Nc3 e6 5.e3 Nbd7 6.Qc2 Bd6 7.Bd3 O-O 8.O-O dxc4
9.Bxc4 e5 10.Bb3 Qe7 11.dxe5 Nxe5 12.Nxe5 Qxe5 13.f4 Qh5 14.Qd1 Qxd1 15.Rxd1 Bc5
16.Na4 Be7 17.Bc2 Bg4 18.Re1 Bb4 19.Rf1 Rfe8 20.a3 Ba5 21.b4 Bc7 22.h3 Be2
23.Re1 Bc4 24.Bb2 Nd5 25.Bd4 a5 26.Nc3 Nxc3 27.Bxc3 axb4 28.axb4 Rad8 29.Bd4 Bd6
30.Bc3 c5 31.Rab1 b5 32.Kh2 f6 33.bxc5 Bxc5 34.e4 Bf2 35.Red1 Be3 36.Kg3 Kf7
37.Kf3 Bc5 38.e5 Bb6 39.Be4 fxe5 40.fxe5 Rxd1 41.Rxd1 g6 42.Rd6 Bc5 43.Rc6 Ba3
44.g4 Re6 45.Rc8 Re8 46.Rc6 Re6 47.Rc7+ Re7 48.Rc8  1/2-1/2

[Event "39th Olympiad Women"]
[Site "Khanty-Mansiysk RUS"]
[Date "2010.09.23"]
[Round "3"]
[White "Sultana,S"]
[Black "Dimitrijevic,A"]
[Result "0-1"]
[WhiteElo "1984"]
[BlackElo "2242"]

1.d4 d5 2.c4 c6 3.Nc3 Nf6 4.e3 e6 5.Nf3 Be7 6.b3 O-O 7.Be2 b6 8.O-O Bb7 9.Bb2 Nbd7
10.Qc2 Rc8 11.Rad1 Qc7 12.Qb1 Rfd8 13.Bd3 c5 14.Nb5 Qb8 15.cxd5 exd5 16.Ng5 h6
17.Nf3 a6 18.Nc3 c4 19.Bf5 b5 20.a3 cxb3 21.Qd3 Bd6 22.Rc1 Bc6 23.Nb1 b4
24.Qxb3 Bb5 25.Rfe1 a5 26.a4 Bc4 27.Qd1 Rc7 28.Nbd2 Nb6 29.e4 dxe4 30.Nxe4 Nxe4
31.Bxe4 Re7 32.g3 Rde8 33.Nd2 Bd5 34.Qg4 Qb7 35.f3 Nxa4 36.Nc4 Bc7 37.Qf5 Bxe4
38.fxe4 Rxe4 39.Rxe4 Qxe4 40.Qxe4 Rxe4 41.Ba1 Re2 42.d5 b3 43.d6 Rc2 44.Re1 Rxc4
45.dxc7 Rxc7 46.Rb1 Rc2 47.Bd4 b2 48.Be3 Nc3  0-1

[Event "39th Olympiad Men"]
[Site "Khanty-Mansiysk RUS"]
[Date "2010.09.23"]
[Round "3"]
[White "Ivanisevic,I"]
[Black "Berg,O"]
[Result "1-0"]
[WhiteElo "2613"]
[BlackElo "2274"]

1.d4 d5 2.c4 c6 3.Nf3 Nf6 4.Nc3 e6 5.e3 Nbd7 6.Qc2 Bd6 7.Bd3 O-O 8.O-O dxc4
9.Bxc4 b5 10.Bd3 Bb7 11.a3 a6 12.b4 a5 13.Rb1 axb4 14.axb4 Re8 15.e4 e5 16.Ne2 exd4
17.Nexd4 Rc8 18.Nf5 Bf8 19.Bb2 c5 20.e5 c4 21.exf6 Nxf6 22.Nh6+ gxh6 23.Bf5 Be4
24.Bxe4 Nxe4 25.Rbd1 Qc7 26.Rd4 c3 27.Bc1 Qc6 28.Re1 f5 29.Red1 Bg7 30.Rd5 Qc4
31.Rxf5 Qxb4 32.h3 Qc4 33.Rd7 Rc7 34.Rxc7 Qxc7 35.Rxb5 Qc4 36.Ra5 Nc5 37.Be3 Nd3
38.Ra7 Nb4 39.Qf5 Qd5 40.Rxg7+ Kxg7 41.Bxh6+ Kg8 42.Qg4+ Kf7 43.Qf4+ Ke6
44.Qg4+ Kf7 45.Qxb4 Rc8 46.Qf4+ Ke8 47.Ne5 Kd8 48.Qf8+ Kc7 49.Qe7+ Kb6 50.Qb4+ Ka6
51.Be3 Qb5 52.Qd4 Rc7 53.Nd3 c2 54.Kh2 Kb7 55.Qe4+ Qc6 56.Nc5+ Kb8 57.Qxc2  1-0

[Event "39th Olympiad Men"]
[Site "Khanty-Mansiysk RUS"]
[Date "2010.09.23"]
[Round "3"]
[White "Roselli Mailhe,B"]
[Black "Gerzhoy,L"]
[Result "1-0"]
[WhiteElo "2399"]
[BlackElo "2485"]

1.d4 Nf6 2.c4 e6 3.Nf3 d5 4.Nc3 c6 5.e3 Nbd7 6.Qc2 Bd6 7.Be2 O-O 8.O-O dxc4
9.Bxc4 a6 10.Rd1 b5 11.Bd3 Qc7 12.a4 b4 13.Ne4 Nxe4 14.Bxe4 Nf6 15.Bd3 c5
16.Bd2 Bb7 17.dxc5 Qxc5 18.Qxc5 Bxc5 19.a5 Rfd8 20.Be1 Nd5 21.Ne5 f6 22.Nc4 b3
23.Be2 Rab8 24.Nd2 Bxe3 25.fxe3 Nxe3 26.Nc4 Nxd1 27.Bxd1 Rbc8 28.Ne3 Rd3
29.Kf2 Rc5 30.Be2 Rd4 31.g3 f5 32.Bc3 Rd8 33.Ra3 Bc8 34.Rxb3 e5 35.Rb8 f4
36.Ng4 fxg3+ 37.hxg3 e4 38.Ne5 e3+ 39.Kxe3 Re8 40.Kf2 Rf8+ 41.Kg1  1-0

[Event "39th Olympiad Women"]
[Site "Khanty-Mansiysk RUS"]
[Date "2010.09.23"]
[Round "3"]
[White "Girya,O"]
[Black "Hoolt,S"]
[Result "1/2-1/2"]
[WhiteElo "2414"]
[BlackElo "2251"]

1.d4 d5 2.c4 c6 3.Nc3 e6 4.e3 Nf6 5.Nf3 Nbd7 6.Qc2 Bd6 7.b3 O-O 8.Be2 b6
9.O-O Bb7 10.Bb2 Qe7 11.cxd5 exd5 12.Rfd1 Rac8 13.Rac1 Rfe8 14.Bf1 Nf8 15.g3 Ng6
16.Bg2 h5 17.h4 Ng4 18.Re1 c5 19.Qf5 Nf6 20.Nb5 c4 21.Nxd6 Qxd6 22.Ne5 Ne7
23.Qf4 cxb3 24.axb3 Qb4 25.Ra1 Rc2 26.Ba3 Qxb3 27.Reb1 Qc3 28.Bb4 Qc8 29.Rxa7 Nc6
30.Nxc6 Bxc6 31.Bd6 Qe6 32.Rc7 Rc8 33.Re7 Qg4 34.Qxg4 Nxg4 35.f3 Nf2 36.Rxb6 Nd3
37.Rb1 Ba4 38.Bf1 Nc1 39.Ra7 Bb3 40.Bc5 Bc4 41.Rbb7 Nb3 42.Bxc4 Nxc5 43.dxc5 dxc4
44.Rxf7 c3 45.Rxg7+ Kf8 46.Rgf7+ Kg8 47.Rg7+ Kf8 48.Rgf7+ Kg8 49.Kf1 Rb8
50.Rg7+ Kf8 51.Raf7+ Ke8 52.Re7+ Kf8 53.Ref7+ Ke8 54.Re7+ Kf8  1/2-1/2

[Event "39th Olympiad Men"]
[Site "Khanty-Mansiysk RUS"]
[Date "2010.09.23"]
[Round "3"]
[White "Samhouri,A"]
[Black "Oatlhotse,P"]
[Result "1/2-1/2"]
[WhiteElo "2372"]
[BlackElo "2213"]

1.c4 Nf6 2.Nc3 c6 3.d4 d5 4.e3 e6 5.Nf3 Nbd7 6.Bd3 Bd6 7.e4 dxe4 8.Nxe4 Nxe4
9.Bxe4 Bb4+ 10.Bd2 Bxd2+ 11.Qxd2 O-O 12.O-O e5 13.Rad1 exd4 14.Qxd4 Qa5 15.Bc2 Nf6
16.Rfe1 Be6 17.a3 Rad8 18.Qh4 h6 19.Qf4 Rfe8 20.h3 Qb6 21.b3 Qa5 22.Qc1 Qc5
23.Qb2 a5 24.Rxd8 Rxd8 25.Re5 Qa7 26.Qc3 Ra8 27.Nd4 Nd7 28.Re3 Nf8 29.Rg3 g5
30.h4 Rd8 31.Nf3 g4 32.Qf6 Rd6 33.Ne5 Qd4 34.Kh2 Nd7 35.Nxd7 Bxd7 36.Qe7 Qf6
37.Qxf6 Rxf6 38.f3 Rf4 39.fxg4 Rxg4 40.Rxg4+ Bxg4 41.Kg3 Be6 42.Kf4 Kf8 43.Bf5 Ke7
44.Bxe6 Kxe6 45.Ke4 f5+ 46.Kd4 b6 47.b4 axb4 48.axb4 Kd6 49.h5 c5+ 50.bxc5+ bxc5+
51.Ke3 Ke6 52.Kf4 Kf6 53.g3 Ke6 54.Kf3 Ke5 55.Ke3 Ke6 56.Kf3 Ke5 57.Ke3 Kf6
58.Kf4 Ke6 59.Kf3 Ke5 60.Ke3 f4+  1/2-1/2

[Event "39th Olympiad Men"]
[Site "Khanty-Mansiysk RUS"]
[Date "2010.09.23"]
[Round "3"]
[White "Lebrun,P"]
[Black "Kassinopoullos,P"]
[Result "1/2-1/2"]
[WhiteElo "1956"]
[BlackElo "2110"]

1.Nf3 Nf6 2.c4 e6 3.Nc3 d5 4.d4 c6 5.e3 Bd6 6.Bd3 Nbd7 7.O-O dxc4 8.Bxc4 O-O
9.Qe2 b5 10.Bd3 Bb7 11.e4 b4 12.Nb1 e5 13.Bg5 h6 14.Be3 Ng4 15.Nbd2 Nxe3
16.fxe3 Qe7 17.Nc4 Bc7 18.Rf2 a5 19.Raf1 exd4 20.exd4 c5 21.d5 Ba6 22.Re1 Bxc4
23.Bxc4 Ne5 24.Nxe5 Bxe5 25.Rf3 Qd6 26.g3 Bd4+ 27.Kg2 Rae8 28.Rf5 Re5 29.Rxe5 Qxe5
30.b3 g6 31.Rf1 Kg7 32.Qf3 Qd6 33.Qf4 Be5 34.Qg4 h5 35.Qf3 f6 36.Qd3 Rh8
37.h3 h4 38.g4 Re8 39.Qf3 g5 40.Qe2 Bd4 41.Rf3 Re7 42.Bd3 Qe5 43.Qf1 Ra7
44.Bc2 Bc3 45.Qd3 Qd4 46.e5 Qxd3 47.exf6+ Bxf6 48.Bxd3 Be5 49.Re3 Kf6 50.Bc4 Re7
51.Kf3 Bd6 52.Rxe7 Kxe7 53.Ke4 Kf6 54.Bb5  1/2-1/2

[Event "39th Olympiad Men"]
[Site "Khanty-Mansiysk RUS"]
[Date "2010.09.23"]
[Round "3"]
[White "Ftacnik,L"]
[Black "Smeets,J"]
[Result "1/2-1/2"]
[WhiteElo "2568"]
[BlackElo "2669"]

1.Nf3 d5 2.c4 c6 3.e3 Nf6 4.Nc3 e6 5.d4 Nbd7 6.Qc2 Bd6 7.Bd3 O-O 8.O-O dxc4
9.Bxc4 a6 10.a4 c5 11.dxc5 Bxc5 12.Rd1 b6 13.Ne4 Nxe4 14.Qxe4 Nf6 15.Qc2 Qe7
16.b3 Bb7 17.Bb2 Rfd8 18.Rxd8+ Rxd8 19.Rd1 a5 20.Ne5 Qc7 21.Rxd8+ Qxd8 22.h3 Qa8
23.Bf1 Qd8 24.Be2 Be4 25.Qd1 Qxd1+ 26.Bxd1 Bd5 27.Kf1 Ne4 28.Ke2 Bb4 29.Nd7 Nc5
30.Nxc5 Bxc5 31.f3 f5 32.Bc2 Kf7 33.e4 fxe4 34.fxe4 Bc6 35.Bd3 g5 36.g4 h6
37.Kf3 Bd6 38.Bd4 Bc5 39.Be5  1/2-1/2

[Event "39th Olympiad Men"]
[Site "Khanty-Mansiysk RUS"]
[Date "2010.09.23"]
[Round "3"]
[White "Bindrich,F"]
[Black "Obodchuk,A"]
[Result "1-0"]
[WhiteElo "2507"]
[BlackElo "2395"]

1.d4 d5 2.c4 c6 3.Nc3 Nf6 4.e3 e6 5.Nf3 Nbd7 6.Qc2 Bd6 7.Bd3 O-O 8.O-O dxc4
9.Bxc4 b5 10.Be2 Qc7 11.Rd1 Bb7 12.e4 e5 13.h3 Rfe8 14.dxe5 Nxe5 15.Nd4 Ng6
16.Bg5 Bh2+ 17.Kh1 Be5 18.Rac1 Qb6 19.Be3 Bf4 20.Bxf4 Nxf4 21.Bf3 Ng6 22.Nf5 Ne5
23.Qd2 Bc8 24.Nd6 Rf8 25.Qf4 Nxf3 26.Qxf3 Be6 27.e5 Nd7 28.Qe2 b4 29.Nce4 Bxa2
30.Nf5 Nxe5 31.Rxc6 Qxc6 32.Ne7+ Kh8 33.Nxc6 Nxc6 34.Qa6 Bb3 35.Rd6 Ne7 36.Rd7 Ng6
37.Rxa7 Bd5 38.Nd6 Rxa7 39.Qxa7 b3 40.Qd4 Be6 41.Ne4 f6 42.Nc5 Bg8 43.Qb4 Re8
44.Nxb3 Re2 45.Nd4 Rxf2 46.Qb8 h6 47.Kg1 Rd2 48.Nf5 Rd7 49.Qe8 Ne5 50.Ne7  1-0

[Event "EYCC Boys U12"]
[Site "Batumi GEO"]
[Date "2010.09.24"]
[Round "6"]
[White "Mihajlov,Sebastian"]
[Black "Aliyev,Eltun Gunduz"]
[Result "1-0"]
[WhiteElo "1886"]
[BlackElo "1682"]

1.d4 d5 2.c4 c6 3.Nf3 Nf6 4.Nc3 e6 5.e3 Nbd7 6.Qc2 Bd6 7.Bd3 dxc4 8.Bxc4 b5
9.Be2 Bb7 10.O-O a6 11.Rd1 O-O 12.e4 Be7 13.e5 Nd5 14.Ne4 h6 15.Bd2 Rc8 16.Rac1 c5
17.dxc5 Nxc5 18.Nxc5 Bxc5 19.Qb3 Qb6 20.Be1 Rc7 21.a4 Nf4 22.Bf1 Bd5 23.Qc2 bxa4
24.Qxa4 Bb3 25.Qxf4 Bxd1 26.Rxd1 Qxb2 27.Bd3 Qb6 28.Nd2 Rd8 29.Ne4 Rcd7 30.Rb1 Qc6
31.Nxc5 Qxc5 32.Rc1 Qa3 33.Be2 Rd4 34.Qe3 Qxe3 35.fxe3 Re4 36.Ba5 Ra8 37.Bf3 Rxe5
38.Bxa8 Rxa5 39.Be4 g6 40.Kf2 Re5 41.Bf3 Kg7 42.Ra1 a5 43.Ra4 g5 44.h3 Kf6
45.Rc4 Ke7 46.Rc7+ Kf8 47.Bh5 Rf5+ 48.Ke2 Kg7 49.e4 Rf4 50.Ke3 Kg8 51.Ra7 f5
52.Bf3 fxe4 53.Bxe4 a4 54.Rxa4  1-0

[Event "EYCC Girls U14"]
[Site "Batumi GEO"]
[Date "2010.09.24"]
[Round "6"]
[White "Kaliadzich,M"]
[Black "Bellaiche,E"]
[Result "1-0"]
[WhiteElo "1866"]
[BlackElo "1891"]

1.d4 d5 2.c4 c6 3.Nf3 Nf6 4.Nc3 e6 5.e3 Be7 6.Bd3 Nbd7 7.O-O dxc4 8.Bxc4 c5
9.b3 cxd4 10.Nxd4 Nb6 11.Bd3 O-O 12.Bb2 Nbd5 13.Nxd5 Nxd5 14.Rc1 Bd7 15.Bb1 Nf6
16.Qd3 e5 17.Nf5 g6 18.Nxe7+ Qxe7 19.Rc7 Qe6 20.Rc5 Bc6 21.Rxe5 Qd7 22.Qc3 Rfc8
23.Re8+ Qxe8 24.Qxf6 Kf8 25.Rd1 Rd8 26.Qg7+ Ke7 27.Bd3 Kd7 28.Bxg6+ Kc7 29.Be5+ Kb6
30.Bd4+ Kc7 31.Bxf7 Qe7 32.Qg3+ Kc8 33.Qg4+ Kc7 34.Qf4+ Kc8 35.Bh5 b6 36.Rc1 Kb7
37.Bf6 Qa3 38.Qc4 Rdc8 39.Bg4 b5 40.Bxc8+ Rxc8 41.Qc5 b4 42.h3 Bd7 43.Qd5+ Bc6
44.Qd2 Rg8 45.e4 Qa5 46.Rc4 Qh5 47.Qxb4+ Kc7 48.Qe7+ Kb6 49.Bd4+  1-0

[Event "39th Olympiad Men"]
[Site "Khanty-Mansiysk RUS"]
[Date "2010.09.25"]
[Round "5"]
[White "Bluvshtein,M"]
[Black "Hansen,SuB"]
[Result "1/2-1/2"]
[WhiteElo "2583"]
[BlackElo "2595"]

1.d4 d5 2.c4 c6 3.e3 Nf6 4.Nc3 e6 5.Nf3 Nbd7 6.Qc2 Bd6 7.Be2 O-O 8.O-O dxc4
9.Bxc4 a6 10.Rd1 b5 11.Be2 Qc7 12.e4 e5 13.g3 Re8 14.a3 Bb7 15.Be3 c5 16.d5 c4
17.a4 Ng4 18.axb5 Nxe3 19.fxe3 Qc5 20.bxa6 Qxe3+ 21.Kg2 Bxa6 22.Ra2 Nb6 23.Rda1 Bb7
24.Rxa8 Rxa8 25.Rxa8+ Bxa8 26.Nb5 Bc5 27.Nxe5 Nxd5 28.Bf3 Qg1+ 29.Kh3 Ne3
30.Qe2 Bb7 31.Nxc4 Bc8+ 32.g4 h5 33.Nxe3 Bxe3 34.Nd6 Be6 35.Nf5 Bg5 36.gxh5 Kh7
37.Bg4 Bf4 38.Ng3 Bxg3 39.Bxe6 Be5 40.Bxf7 Qc1 41.b3 Qf4 42.Bg6+ Kh6 43.Bf5 Bd6
44.Bg4 Kh7 45.Bf3 Kh8 46.Bg4 Kh7 47.Qg2 Kh8 48.Qc2 Bc7 49.Qe2 Qe5 50.Qf2 Bd6
51.Bf5 Qc3+ 52.Kg2 Qxb3 53.h6 Qc3 54.h7 Qf6 55.Qd2 g6 56.Bg4 Kxh7 57.h3  1/2-1/2

[Event "39th Olympiad Men"]
[Site "Khanty-Mansiysk RUS"]
[Date "2010.09.25"]
[Round "5"]
[White "Nyback,T"]
[Black "Adly,A"]
[Result "1-0"]
[WhiteElo "2635"]
[BlackElo "2630"]

1.d4 Nf6 2.c4 e6 3.Nc3 d5 4.Nf3 c6 5.e3 Nbd7 6.Qc2 Bd6 7.Bd3 O-O 8.O-O Qe7
9.c5 Bc7 10.e4 dxe4 11.Nxe4 Nd5 12.Bg5 f6 13.Bd2 Rd8 14.Nd6 Nf8 15.Nxc8 Raxc8
16.Rfe1 Qf7 17.Re4 Ng6 18.Rae1 Re8 19.g3 e5 20.dxe5 Bxe5 21.Rg4 Bc7 22.Rxe8+ Rxe8
23.Nh4 Nf8 24.Nf5 Ng6 25.Nh6+ gxh6 26.Bxg6 hxg6 27.Rxg6+ Kh8 28.Rxh6+ Kg8
29.Rg6+ Kh8 30.Qf5 Bf4 31.Bxf4 Nxf4 32.gxf4 Rg8 33.Qh5+ Qh7 34.Qxh7+ Kxh7
35.Rxg8 Kxg8 36.Kg2 Kh7 37.Kf3  1-0

[Event "39th Olympiad Men"]
[Site "Khanty-Mansiysk RUS"]
[Date "2010.09.25"]
[Round "5"]
[White "Kozul,Z"]
[Black "Sveshnikov,E"]
[Result "1/2-1/2"]
[WhiteElo "2604"]
[BlackElo "2494"]

1.d4 d5 2.c4 c6 3.e3 e6 4.Nc3 Nf6 5.Nf3 Nbd7 6.Qc2 Be7 7.b3 O-O 8.Bb2 b6
9.Bd3 Bb7 10.O-O c5 11.cxd5 exd5 12.Rfd1 Rc8 13.Rac1 a6 14.Qe2 b5 15.dxc5 Nxc5
16.Bf5 Rc7 17.Qe1 g6 18.Bh3 Re8 19.Ne2 Nfe4 20.Be5 Bd6 21.Bxd6 Qxd6 22.Qa5 Ree7
23.Ned4 b4 24.g3 Nc3 25.Rd2 N5e4 26.Rdc2 Rc5 27.Qxb4 Nxa2 28.Qxc5 Nxc5 29.Rxa2 Nd3
30.Rca1 Nb4 31.Ra4 Rc7 32.Bf1 Qb6 33.Ne1 Rc3 34.h4 Bc8 35.Ng2 Bd7 36.R4a3 Bc8
37.Nf4  1/2-1/2

[Event "39th Olympiad Men"]
[Site "Khanty-Mansiysk RUS"]
[Date "2010.09.25"]
[Round "5"]
[White "Tromp,R"]
[Black "Shrestha,K"]
[Result "1/2-1/2"]
[WhiteElo "1992"]
[BlackElo "2122"]

1.d4 d5 2.Nf3 Nf6 3.c4 e6 4.Nc3 c6 5.e3 Nbd7 6.Bd3 dxc4 7.Bxc4 b5 8.Bd3 a6
9.O-O c5 10.dxc5 Nxc5 11.Bc2 Bb7 12.Qe2 Be7 13.a3 Qc7 14.h3 Rc8 15.e4 e5
16.Bg5 Ne6 17.Be3 Bc5 18.Rfd1 Bxe3 19.Qxe3 O-O 20.Rac1 Nf4 21.Kh2 Rfe8 22.Bb3 Qb8
23.Ng5 Re7 24.g3 Ng6 25.Rd3 h6 26.Nf3 Qa8 27.Nd5 Nxd5 28.Rxc8+ Qxc8 29.Bxd5 Bxd5
30.Rxd5 Qc2 31.Rd2 Qc4 32.Rd5 Re6 33.Rc5 Qa4 34.h4 f6 35.h5  1/2-1/2

[Event "39th Olympiad Men"]
[Site "Khanty-Mansiysk RUS"]
[Date "2010.09.25"]
[Round "5"]
[White "Wojtaszek,R"]
[Black "Van Wely,L"]
[Result "1-0"]
[WhiteElo "2711"]
[BlackElo "2679"]

1.d4 d5 2.c4 c6 3.Nf3 Nf6 4.Nc3 e6 5.e3 Nbd7 6.Qc2 Bd6 7.Bd3 O-O 8.O-O dxc4
9.Bxc4 a6 10.Rd1 b5 11.Bd3 Bb7 12.Ng5 h6 13.Nge4 Be7 14.a3 Qb8 15.b4 a5 16.Rb1 axb4
17.axb4 Nd5 18.Nc5 Nxc5 19.Nxd5 exd5 20.dxc5 Rd8 21.e4 dxe4 22.Bxe4 Rxd1+
23.Qxd1 Qe5 24.Qc2 Ra1 25.g3 Rxb1 26.Qxb1 Qe6 27.Bh7+ Kh8 28.Bf5 Qe1+ 29.Kg2 Kg8
30.Qe4 Qxe4+ 31.Bxe4 Bf6 32.Bd2 Kf8 33.f4 h5 34.f5 Bd4 35.Kf3 Ke7 36.Kf4 Kf6
37.Bf3 g6 38.fxg6 fxg6 39.Ke4 Bg1 40.Bc3+ Ke7 41.h4 Bc8 42.Bd4 Bf5+ 43.Ke5 Bh2
44.Bf2 Bd7 45.Kf4  1-0

[Event "TCh-NED Meesterklasse 2010-11"]
[Site "Netherlands NED"]
[Date "2010.09.25"]
[Round "1.5"]
[White "Vandevoort,P"]
[Black "Fiebig,T"]
[Result "1/2-1/2"]
[WhiteElo "2377"]
[BlackElo "2453"]

1.d4 d5 2.c4 c6 3.Nc3 Nf6 4.e3 e6 5.Nf3 Nbd7 6.Qc2 Bd6 7.g4 h6 8.Rg1 Qe7
9.Bd2 a6 10.O-O-O e5 11.cxd5 cxd5 12.Nh4 Nb6 13.Nf5 Bxf5 14.gxf5 e4 15.Rxg7 Bxh2
16.Qb3 Qc7 17.Kb1 Kf8 18.Rg2 Bd6 19.Be2 Rc8 20.f3 Nc4 21.fxe4 Nxe4 22.Nxe4 dxe4
23.Bb4 Bxb4 24.Qxb4+ Qd6 25.Qxb7 Na3+ 26.Ka1 Nc2+ 27.Kb1 Na3+ 28.Ka1 Nc2+  1/2-1/2

[Event "EYCC Boys U18"]
[Site "Batumi GEO"]
[Date "2010.09.26"]
[Round "7"]
[White "Bar,Av"]
[Black "Radusinovic,L"]
[Result "1/2-1/2"]
[WhiteElo "2086"]
[BlackElo "2257"]

1.d4 d5 2.c4 c6 3.Nf3 Nf6 4.e3 e6 5.Nc3 Bd6 6.Bd3 O-O 7.e4 dxe4 8.Nxe4 Nxe4
9.Bxe4 Nd7 10.O-O f5 11.Bc2 e5 12.c5 Bb8  1/2-1/2

[Event "EYCC Boys U12"]
[Site "Batumi GEO"]
[Date "2010.09.26"]
[Round "7"]
[White "Valev,V"]
[Black "Mraz,O"]
[Result "0-1"]
[WhiteElo "1911"]
[BlackElo "1788"]

1.d4 d5 2.c4 c6 3.Nc3 Nf6 4.e3 e6 5.Nf3 Nbd7 6.Qc2 Bd6 7.Be2 O-O 8.O-O b6
9.b3 Bb7 10.Bb2 Qc7 11.Rac1 Rac8 12.Rfd1 Rfe8 13.h3 Qb8 14.Qb1 c5 15.Nb5 dxc4
16.Nxd6 Qxd6 17.dxc5 Qxc5 18.Rxc4 Qe7 19.Ne5 Nxe5 20.Bxe5 Nd5 21.e4 Qg5 22.exd5 Qxe5
23.dxe6 fxe6 24.Bd3 Qh5 25.Rxc8 Rxc8 26.Bc4 Qf7 27.Qd3 Rf8 28.Qe3 Bd5 29.Bxd5 exd5
30.Qd4 Rd8 31.Qe5 h6 32.Rd4 Kh8 33.Rf4 Qd7 34.Qd4 Qe6 35.Rg4 Rd7 36.h4 Re7
37.Rf4 Re8 38.Qb4 Qe1+ 39.Qxe1 Rxe1+ 40.Kh2 Re2 41.Ra4 Rxf2 42.Rxa7 d4 43.Kg3 Re2
44.Kf3 d3 45.h5 b5 46.b4 Re1 47.Rd7 Rb1 48.a3 Rb3 49.Rd8+ Kh7 50.Ra8 d2+
51.Ke2 Rg3 52.Kxd2 Rxg2+ 53.Kd3 Rg5 54.Ra5 Rxh5 55.a4 Rh3+ 56.Ke4 bxa4 57.Rxa4 h5
58.Kf4 Kh6 59.Ra6+ g6 60.b5 Rh4+ 61.Kg3 Rb4 62.Rb6 Kg5 63.Rb8 Rb3+ 64.Kg2 h4
65.b6 Kg4 66.b7 g5 67.Kf1 Rb2 68.Ra8 Rxb7  0-1

[Event "EYCC Boys U16"]
[Site "Batumi GEO"]
[Date "2010.09.26"]
[Round "7"]
[White "Denesh,N"]
[Black "Davi,A"]
[Result "1/2-1/2"]
[WhiteElo "2002"]
[BlackElo "2078"]

1.d4 d5 2.c4 c6 3.Nc3 Nf6 4.Nf3 e6 5.e3 Nbd7 6.Bd3 dxc4 7.Bxc4 b5 8.Be2 Bb7
9.O-O Bd6 10.e4 b4 11.e5 bxc3 12.exf6 Nxf6 13.bxc3 O-O 14.Bg5 h6 15.Bh4 c5
16.Bd3 cxd4 17.cxd4 Be7 18.Rc1 Nd5 19.Bg3 Rc8 20.Bc4 Qa5 21.Ne5 Rfd8 22.Qh5 Rf8
23.Ng4 Qd2 24.Ne5 Qxd4 25.Rcd1 Qe4 26.f3 Qe3+ 27.Bf2 Qg5 28.Qxg5 Bxg5 29.Rb1 Ba8
30.Ba6 Rc2 31.a3 Be3 32.Rb3 Bb6 33.Nc4 Bxf2+ 34.Rxf2 Rc1+ 35.Rf1 Rc3 36.Rfb1 Rc2
37.R3b2 Rxb2 38.Rxb2 Rd8  1/2-1/2

[Event "Highlands Open"]
[Site "Zdar nad Sazavou CZE"]
[Date "2010.09.26"]
[Round "2"]
[White "Ivanov,MM"]
[Black "Majer,J"]
[Result "1-0"]
[WhiteElo "2438"]
[BlackElo "2222"]

1.d4 d5 2.c4 c6 3.Nc3 Nf6 4.Nf3 e6 5.e3 Bd6 6.b3 Nbd7 7.Bb2 O-O 8.Be2 dxc4
9.bxc4 e5 10.O-O exd4 11.exd4 Re8 12.c5 Bc7 13.Bc4 Nf8 14.d5 cxd5 15.Nxd5 Nxd5
16.Bxd5 Be6 17.Qd4 f6 18.Bxb7 Rb8 19.c6 Bd5 20.Rfd1 Bxf3 21.Qc4+ Bd5 22.Rxd5 Qe7
23.Rd7+ Qe6 24.Qxe6+ Nxe6 25.Ba3 Be5 26.Rad1 Rbd8 27.g3 Bc7 28.Ba6 Nf8 29.Bc4+ Kh8
30.Rxd8  1-0

[Event "USCL"]
[Site "ICC INT"]
[Date "2010.09.27"]
[Round "6"]
[White "Banawa,Joe"]
[Black "Zaremba,An"]
[Result "0-1"]
[WhiteElo "2345"]
[BlackElo "2339"]

1.d4 d5 2.c4 c6 3.Nc3 Nf6 4.e3 e6 5.Nf3 Nbd7 6.Qc2 Be7 7.Bd3 O-O 8.O-O b6
9.b3 Bb7 10.Bb2 c5 11.Qe2 cxd4 12.exd4 Rc8 13.Rac1 Re8 14.Rfd1 Nf8 15.h3 Ng6
16.Qe3 dxc4 17.bxc4 Qc7 18.Ne5 a6 19.f4 Rcd8 20.Kh2 Bd6 21.Qf2 Nh5 22.g3 Nf6
23.Rb1 Ne7 24.g4 Ng6 25.a4 Nd7 26.Bc1 Ndxe5 27.fxe5 Nxe5 28.dxe5 Bxe5+ 29.Kg1 Bxc3
30.Be3 Qc6 31.Kf1 Qh1+ 32.Ke2 Qxh3 33.Rg1 Bc6 34.Rxb6 Bxa4 35.Rxa6 Ra8 36.Rxa8 Rxa8
37.Be4 Bc6 38.Qf4 e5 39.Qf5 g6 40.Qf3 Ra2+ 41.Kd3 Bxe4+ 42.Qxe4 Bd4 43.Re1 Ra3+
44.Kd2 Bc3+  0-1

[Event "USCL"]
[Site "ICC INT"]
[Date "2010.09.27"]
[Round "6"]
[White "Corke,A"]
[Black "Zierk,S"]
[Result "0-1"]
[WhiteElo "2289"]
[BlackElo "2385"]

1.d4 d5 2.c4 c6 3.e3 Nf6 4.Nc3 e6 5.Nf3 Nbd7 6.Bd3 Bd6 7.O-O O-O 8.e4 dxe4
9.Nxe4 Nxe4 10.Bxe4 Nf6 11.Bc2 h6 12.b3 b5 13.Bb2 bxc4 14.bxc4 Rb8 15.Bc3 Ba6
16.Bd3 c5 17.Qe2 Qe7 18.Rab1 Bb7 19.Rfe1 cxd4 20.Nxd4 Rfd8 21.h3 Qc7 22.Qf1 a6
23.Nb3 Qe7 24.Bd4 Bc7 25.Bc5 Qe8 26.Rbd1 Nh5 27.Be3 Bc6 28.Be2 Nf4 29.Bxf4 Bxf4
30.Bd3 Qe7 31.Qe2 Qh4 32.Bc2 Bc7 33.Qg4 Qxg4 34.hxg4 Kf8 35.Nd4 Ba8 36.Nb3 a5
37.Nd4 Rb2 38.Bb3 Ke7 39.Nf5+ Kf6 40.Rxd8 Bxd8 41.Ne3 Bb6 42.Kf1 Bc6 43.Nd1 Rd2
44.Re2 Bxg2+ 45.Ke1 Rxe2+ 46.Kxe2 Kg5 47.Nc3 Kxg4 48.Na4 Bf3+ 49.Ke1 Bd4
50.c5 h5 51.Bc4 h4 52.Bb5 h3  0-1

[Event "39th Olympiad Men"]
[Site "Khanty-Mansiysk RUS"]
[Date "2010.09.27"]
[Round "6"]
[White "Tomashevsky,E"]
[Black "Giri,A"]
[Result "1/2-1/2"]
[WhiteElo "2701"]
[BlackElo "2677"]

1.d4 d5 2.c4 c6 3.Nc3 Nf6 4.e3 e6 5.Nf3 Nbd7 6.Qc2 Bd6 7.Bd3 O-O 8.O-O dxc4
9.Bxc4 a6 10.a4 c5 11.Rd1 Qc7 12.Ne4 Nxe4 13.Qxe4 e5 14.dxe5 Nxe5 15.Ng5 g6
16.Qh4 h5 17.Be2 c4 18.Bd2 Bg4 19.f3 Bf5 20.Bc3 Rae8 21.Rd5 Bc5 22.Kh1 Bxe3
23.Qg3 Bxg5 24.Qxg5 f6 25.Qg3 Rd8 26.Rad1 Rxd5 27.Rxd5 Re8 28.Qh4 Be6 29.Rd1 Qf7
30.a5 Bf5 31.Rd6 g5 32.Qd4 Bd3 33.Bxd3 cxd3 34.h3 Re6 35.Rd8+ Re8 36.Rd6 Re6
37.Rd8+ Re8 38.Rd6  1/2-1/2

[Event "39th Olympiad Women"]
[Site "Khanty-Mansiysk RUS"]
[Date "2010.09.27"]
[Round "6"]
[White "Naipal,Ekaterina"]
[Black "Frisk,E"]
[Result "0-1"]
[WhiteElo "1766"]
[BlackElo "2113"]

1.d4 d5 2.c4 c6 3.Nc3 Nf6 4.e3 e6 5.Nf3 Nbd7 6.Qc2 Bd6 7.Bd3 O-O 8.O-O dxc4
9.Bxc4 e5 10.Rd1 Qe7 11.a3 h6 12.Bd3 Re8 13.Nd2 Nb6 14.Nde4 Nxe4 15.Bxe4 Bg4
16.f3 Be6 17.b3 exd4 18.Rxd4 Rad8 19.Bb2 Bc5 20.Bh7+ Kh8 21.Rxd8 Bxe3+ 22.Kf1 Rxd8
23.Bd3 Bxb3 24.Qxb3 Rxd3 25.Bc1 Bxc1 26.Rxc1 Qd7 27.Qc2 Nc4  0-1